Franks Wood's Business Accounting (Record no. 1373)
[ view plain ]
| 005 - DATE AND TIME OF LATEST TRANSACTION | |
|---|---|
| control field | 20250414110253.0 |
| 020 ## - INTERNATIONAL STANDARD BOOK NUMBER | |
| International Standard Book Number | 978-0-273-75918-8 |
| 082 ## - DEWEY DECIMAL CLASSIFICATION NUMBER | |
| Classification number | 657 WOO |
| 100 ## - MAIN ENTRY--PERSONAL NAME | |
| Author name | FRANK , W. |
| 245 ## - TITLE STATEMENT | |
| Title | Franks Wood's Business Accounting |
| 250 ## - EDITION STATEMENT | |
| Edition statement | 12nd Ed. |
| 260 ## - PUBLICATION, DISTRIBUTION, ETC. | |
| Place of publication, distribution, etc. | Harlow, |
| Name of publisher, distributor, etc. | Pearson Education Ltd, |
| Date of publication, distribution, etc. | 2012. |
| 300 ## - PHYSICAL DESCRIPTION | |
| Extent | xxvii, 781p.: ill.; |
| Other physical details | glossary, index, |
| Dimensions | 25cm. |
| 700 ## - ADDED ENTRY--PERSONAL NAME | |
| Other authors/Editors | SANGSTER , A. |
| 856 ## - ELECTRONIC LOCATION AND ACCESS | |
| Link text | Access Online Book |
| Electronic name | Accounting |
| Path | www.pearson.com/uk |
| 942 ## - ADDED ENTRY ELEMENTS (KOHA) | |
| Source of classification or shelving scheme | Dewey Decimal Classification |
| Koha item type | Books |
| Date last seen | Total checkouts | Full call number | Barcode | Cost, replacement price | Price effective from | Koha item type | Lost status | Source of classification or shelving scheme | Damaged status | Not for loan | Withdrawn status | Home library | Current library | Shelving location | Date acquired | Cost, normal purchase price | Date due | Date last checked out |
|---|---|---|---|---|---|---|---|---|---|---|---|---|---|---|---|---|---|---|
| 04/14/2025 | 657 WOO | 0000005279 | 165000.00 | 04/14/2025 | Books | Dewey Decimal Classification | College of Business Education Main Library | College of Business Education Main Library | General Collection | 04/14/2025 | 55000.00 | |||||||
| 02/13/2026 | 1 | 657 WOO | 0000005280 | 165000.00 | 04/14/2025 | Books | Dewey Decimal Classification | College of Business Education Main Library | College of Business Education Main Library | General Collection | 04/14/2025 | 55000.00 | 02/27/2026 | 02/13/2026 | ||||
| 04/14/2025 | 657 WOO | 0000005281 | 165000.00 | 04/14/2025 | Books | Dewey Decimal Classification | College of Business Education Main Library | College of Business Education Main Library | General Collection | 04/14/2025 | 55000.00 |
